Zawodnicy którzy jako jedyni są obecnie wyceniani na 100M lub więcej. - Statystyki

Ogólne statystyki
  • Ten quiz został rozwiązany 191 razy
    87 od ostatniego zresetowania
  • Średni wynik to 10 z 11
Statystyki odpowiedzi
Piłkarz Aktualna WR Narodowość Klub % Poprawnych
Erling Haaland 180,00 mln €
99%
Kylian Mbappe 180,00 mln €
99%
Vinicius Jr. 150,00 mln €
99%
Jude Bellingham 120,00 mln €
95%
Bukayo Saka 120,00 mln €
91%
Rodrygo 100,00 mln €
89%
Pedri 100,00 mln €
88%
Jamal Musiala 110,00 mln €
87%
Phil Foden 110,00 mln €
87%
Federico Valverde 100,00 mln €
86%
Victor Osimhen 120,00 mln €
76%
Nie znaleziono quizów pasujących do podanych kryteriów
Rozkład punktacji
Procent ludzi z każdym wynikiem
Percentyl według liczby udzielonych odpowiedzi
Twoja historia wyników
Nie rozwiązałeś tego quizu od ostatniego zresetowania